000
00244nam a22001217a 4500
040
_c
HS
082
_a
658
100
_a
DAVID I. CLELAND
245
_a
Project management
260
_a
NA
_b
DAVID I. CLELAND
_c
1995
300
_a
478p;
942
_c
EK
999
_c
9707
_d
9707